Alligatoah Alben Songtitel erraten (Triebwerke bis off) - Statistiken

Allgemein
  • Dieses Quiz wurde 227 mal gespielt
  • Das Durchschnittsergebnis liegt bei 38 aus 69
Antwortstatistiken
Triebwerke % Korrekt
5. Willst du
92%
15. Musik ist keine Lösung
89%
3. Narben
73%
6. Fick ihn doch
71%
11. PARTNER IN CRIME
71%
11. Du bist schön
70%
1. Alli-Alligatoah
69%
4. Lass liegen
69%
9. Nachbeben
69%
14. Trauerfeier Lied
69%
2. Mit dir schlafen
68%
5. SO RAUS
67%
6. Mama, kannst du mich abholen I
64%
10 Mama, kannst du mich abholen II
64%
14. Mama, kannst du mich abholen III
64%
16. Wie Zuhause
63%
5. Die grüne Regenrinne I
61%
10. Die grüne Regenrinne II
61%
15. Die grüne Regenrinne III
61%
1. Feinstaub
60%
8. KÜSSEN
58%
12. Nicht adoptiert
58%
3. WEISSE ZÄHNE
58%
2. Ein Problem mit Alkohol
57%
12. DAYLIGHT
56%
10. ICH ICH ICH
56%
8. Amnesie
55%
2. Denk an die Kinder
55%
4. Münchhausen I
55%
9. Münchhausen II
55%
13. Münchhausen III
55%
10. Stay in Touch
55%
3. Vor Gericht
54%
3. Dunstkreis
53%
8. Nebenjob
53%
6. SCHEISSDRECK
53%
7. MENSCHLICHES VERSAGEN
52%
2. NIEMAND
52%
11. Verloren
52%
6. Beinebrechen
51%
6. Unter Freunden
51%
2. Wer weiß
51%
11. Rabenväter
50%
3. Hass
49%
14. Wo kann man das kaufen
49%
13. Comeback des Jahres
47%
1. Comeback des Jahres - Intro
47%
12. Doktor spielen
47%
9. ES KRATZT
47%
5. Fuck Rock n Roll
47%
4. Hart Vermissen
47%
7. Ich hänge
47%
9. Freie Liebe
45%
7. Füttern verboten
45%
8. Gute Bekannte
45%
4. I Need A Face
45%
7. Wunderschöne Frau
45%
7. Hab ich recht
44%
13. Meine Hoe
44%
5. Teamgeist
43%
4. WER LACHT JETZT
43%
1. Hört, Hört - Intro
42%
10. Prostitution
42%
9. Das bedeutet Krieg
41%
12. Erntedank
40%
11. Terrorangst
40%
8. Meinungsfrei
38%
1. ICH FÜHL DICH
35%
12. So gut wie neu
30%
Keine übereinstimmenden Quizze gefunden
Verteilung der Resultate
Anzahl Personen mit jedem Resultat
Perzentil nach korrekt beantworteten Fragen
Ihre Resultats-Entwicklung
Sie haben dieses Quiz noch nicht gespielt